Online katalóg knižníc regiónu Turca

Opäť vo forme po tehotenstve (Record no. 22944)

MARC details
000 -LEADER
fixed length control field 01634cam a2200457 a 4500
001 - CONTROL NUMBER
control field 22944
003 - CONTROL NUMBER IDENTIFIER
control field SK-KTurca
005 - DATE AND TIME OF LATEST TRANSACTION
control field 20260512101501.0
008 - FIXED-LENGTH DATA ELEMENTS--GENERAL INFORMATION
fixed length control field 240318s2012 xo o g f 001 0 slo
015 ## - NATIONAL BIBLIOGRAPHY NUMBER
National bibliography number SNBA2013/04
020 ## - INTERNATIONAL STANDARD BOOK NUMBER
International Standard Book Number 9788081420351
Qualifying information (brož.)
035 ## - SYSTEM CONTROL NUMBER
System control number D5F4605D-EF55-44B3-86E4-026F2B6A15D5
035 ## - SYSTEM CONTROL NUMBER
System control number urn:nbn:sk:snk-amkxou
035 ## - SYSTEM CONTROL NUMBER
System control number urn:nbn:sk:snk-am0081tm
040 ## - CATALOGING SOURCE
Original cataloging agency PPPK
Language of cataloging slo
Transcribing agency PPPK
Modifying agency SVKBB
-- SNK
Description conventions AACR2
041 1# - LANGUAGE CODE
Language code of text/sound track or separate title slo
Language code of original eng
044 ## - COUNTRY OF PUBLISHING/PRODUCING ENTITY CODE
MARC country code xo
ISO country code SK
072 #7 - SUBJECT CATEGORY CODE
Subject category code 796
Subject category code subdivision Šport. Hry. Telesné cvičenia
Source konspekt
080 ## - UNIVERSAL DECIMAL CLASSIFICATION NUMBER
Universal Decimal Classification number 796.015.132
Edition identifier 2001
080 ## - UNIVERSAL DECIMAL CLASSIFICATION NUMBER
Universal Decimal Classification number (035)
Edition identifier 2001
080 ## - UNIVERSAL DECIMAL CLASSIFICATION NUMBER
Universal Decimal Classification number 796.012.44
Edition identifier 2001
100 1# - MAIN ENTRY--PERSONAL NAME
Personal name Gallagher-Mundy, Chrissie
Relationship aut
240 10 - UNIFORM TITLE
Uniform title Post pregnancy shape shifter
Language of a work Slovensky
245 10 - TITLE STATEMENT
Title Opäť vo forme po tehotenstve
Remainder of title účinný 40-týždňový cvičebný program na formovanie postavy po pôrode
Statement of responsibility, etc. Chrissie Gallagherová-Mundyová ; [z anglického originálu preložil Róbert Kadaši]
246 30 - VARYING FORM OF TITLE
Title proper/short title Účinný 40-týždňový cvičebný program na formovanie postavy po pôrode
250 ## - EDITION STATEMENT
Edition statement 1. vyd.
260 ## - PUBLICATION, DISTRIBUTION, ETC.
Place of publication, distribution, etc. Bratislava
Name of publisher, distributor, etc. Fortuna Libri
Date of publication, distribution, etc. 2012
300 ## - PHYSICAL DESCRIPTION
Extent 136 s.
Other physical details fareb. fotogr.
Dimensions 28 cm
490 1# - SERIES STATEMENT
Series statement Fortuna Praxis
504 ## - BIBLIOGRAPHY, ETC. NOTE
Bibliography, etc. note Reg.
650 07 - SUBJECT ADDED ENTRY--TOPICAL TERM
Topical term or geographic name entry element kondičné cvičenia
Source of heading or term SNKPH
650 07 - SUBJECT ADDED ENTRY--TOPICAL TERM
Topical term or geographic name entry element Condition exercises
Source of heading or term SNKPHeng
650 07 - SUBJECT ADDED ENTRY--TOPICAL TERM
Topical term or geographic name entry element cvičenie s loptou
Source of heading or term SNKPH
650 07 - SUBJECT ADDED ENTRY--TOPICAL TERM
Topical term or geographic name entry element Ball exercises
Source of heading or term SNKPHeng
655 #7 - INDEX TERM--GENRE/FORM
Genre/form data or focus term príručky
Source of term SNKPH
655 #7 - INDEX TERM--GENRE/FORM
Genre/form data or focus term Handbooks, manuals, etc.
Source of term SNKPHeng
700 1# - ADDED ENTRY--PERSONAL NAME
Personal name Kadaši, Róbert
Relationship trl
830 #0 - SERIES ADDED ENTRY--UNIFORM TITLE
Uniform title Fortuna Praxis
942 ## - ADDED ENTRY ELEMENTS (KOHA)
Source of classification or shelving scheme Dewey Decimal Classification
Koha item type Odborná literatúra pre dospelých
Suppress in OPAC No
Holdings
Stav vyradenia Strata Poškodenie Spôsob nadobudnutia Domovská knižnica Aktuálna knižnica Dátum nadobudnutia Total checkouts Čiarový kód exemplára Date last seen Typ exemplára
      Dar Obecná knižnica Turčianska Štiavnička Obecná knižnica Turčianska Štiavnička 12.05.2026   4738001241 12.05.2026 Odborná literatúra pre dospelých
Projekt je podporený Slovenskou asociáciou knižníc
Prevádzkuje Turčianska knižnica Martin 2026